Η μυθολογία των Ελλήνων

Saved in:
Bibliographic Details
Main Author: Kerényi, Karl, 1897-1973
Format: Book
Language:Greek
German
Published: Αθήνα : Εστία, c2006.
Edition:12η έκδ.
Subjects:
Tags: Add Tag
No Tags, Be the first to tag this record!

MARC

LEADER 00000cam a2200000 a 4500
001 1/120106
008 191010s2006####gr | ||| |||| ||gre||
020 |a 9600506248 
040 |a GR-MyUa  |b gre  |c GR-MyUa  |e AACR2 
041 1 |a gre  |h ger 
082 7 |a 292.13   |2 (23) 
100 1 |a Kerényi, Karl,   |d 1897-1973. 
245 1 2 |a Η μυθολογία των Ελλήνων /   |c Κ. Κερένυϊ ; μετάφραση Δημήτρη Σταυρόπουλου. 
250 |a 12η έκδ. 
260 |a Αθήνα :   |b Εστία,   |c c2006. 
300 |a 659 σ. :   |b εικ. ;   |c 21 εκ. 
500 |a Τίτλος πρωτοτύπου: Die Mythologie der Griechen. 
500 |a Περιλαμβάνει ευρετήριο. 
650 0 |a Mythology, Greek. 
650 0 |a Heroes. 
920 |a Τυροβολάς  |b Γιάννης  |y Σύρος  |z 2019-10 
970 |a Κοντού  |b Παρασκευή  |z 10/10/2019